| 000 | 00993nab a22002177a 4500 | ||
|---|---|---|---|
| 999 |
_c5749 _d5749 |
||
| 003 | OSt | ||
| 005 | 20260101212459.0 | ||
| 008 | 190514b xxu||||| |||| 00| 0 spa d | ||
| 040 | _cPJ | ||
| 100 |
_96152 _aRicolfi, Miriam Florencia |
||
| 245 | 1 | 0 |
_aAdopción integrativa. Adultos mayores / _cMiriam F. Ricolfi. |
| 300 | _ap. 173-177 | ||
| 500 | _aCita: TR LALEY AR/DOC/458/2025. | ||
| 505 | _aSumario: I. Propósito del comentario.— II. Del fallo.— III. De la consolidación de las relaciones de familias.— IV. El fallo en clave convencional.— V. Conclusión. | ||
| 505 | _aFallo comentado: JCiv. de Personas y Familia 2da Nom., Orán ~ 19/09/2024 ~ G. L., R., P. s/ adopción. | ||
| 650 | 0 |
_9967 _aDERECHO DE FAMILIA |
|
| 650 | 0 |
_9974 _aADOPCIÓN |
|
| 650 | 0 |
_91057 _aJURISPRUDENCIA APLICABLE |
|
| 773 | 0 |
_02844 _93222 _dBuenos Aires : AbeledoPerrot, 1989- _tDerecho de familia. Revista Interdisciplinaria de doctrina y jurisprudencia. Abril 2025-II. _z18511201 |
|
| 942 |
_2udc _cANA |
||